Mathematical Methods for Physics and Engineering (Record no. 141)

MARC details
000 -LEADER
fixed length control field 00614nam a22002177a 4500
003 - CONTROL NUMBER IDENTIFIER
control field OSt
005 - DATE AND TIME OF LATEST TRANSACTION
control field 20170217184140.0
008 - FIXED-LENGTH DATA ELEMENTS--GENERAL INFORMATION
fixed length control field 140707b xxu||||| |||| 00| 0 eng d
020 ## - INTERNATIONAL STANDARD BOOK NUMBER
International Standard Book Number 9780521679718
040 ## - CATALOGING SOURCE
Transcribing agency DDC
082 ## - DEWEY DECIMAL CLASSIFICATION NUMBER
Edition number 22nd ed.
Classification number 530.1 RIL 2006
Item number R
100 ## - MAIN ENTRY--PERSONAL NAME
Personal name Riley, K.F; Hobson M.P.; Bence S.J.
9 (RLIN) 371
245 ## - TITLE STATEMENT
Title Mathematical Methods for Physics and Engineering
250 ## - EDITION STATEMENT
Edition statement 3rd ed.
260 ## - PUBLICATION, DISTRIBUTION, ETC. (IMPRINT)
Name of publisher, distributor, etc. Cambridge University press
Date of publication, distribution, etc. 2006
300 ## - PHYSICAL DESCRIPTION
Extent xxvii,1333p;
Other physical details Ill:
Dimensions 25cm
504 ## - BIBLIOGRAPHY, ETC. NOTE
Bibliography, etc Index included.
650 ## - SUBJECT ADDED ENTRY--TOPICAL TERM
Topical term or geographic name as entry element Mathematical physics
9 (RLIN) 372
650 ## - SUBJECT ADDED ENTRY--TOPICAL TERM
Topical term or geographic name as entry element Engineering
9 (RLIN) 373
942 ## - ADDED ENTRY ELEMENTS (KOHA)
Source of classification or shelving scheme Dewey Decimal Classification
Koha item type Book Bank
Holdings
Withdrawn status Lost status Source of classification or shelving scheme Damaged status Not for loan Home library Current library Date acquired Source of acquisition Inventory number Total Checkouts Full call number Barcode Date last seen Koha item type Date last checked out
    Dewey Decimal Classification     MUST Main Library MUST Main Library 07/07/2014 Purchase 12/36221   530.1 RIL 2006 2014-0303 07/07/2014 Open Shelf  
    Dewey Decimal Classification     MUST Main Library MUST Main Library 07/07/2014 Purchase 12/36222   530.1 RIL 2006 2014-0304 07/07/2014 Open Shelf  
    Dewey Decimal Classification     MUST Main Library MUST Main Library 07/07/2014   12/36223   530.1 RIL 2006 2014-0305 07/07/2014 Book Bank  
    Dewey Decimal Classification     MUST Main Library MUST Main Library 07/07/2014   12/36224 1 530.1 RIL 2006 2014-0306 25/09/2019 Book Bank 12/09/2019
    Dewey Decimal Classification     MUST Main Library MUST Main Library 07/07/2014   12/36225   530.1 RIL 2006 2014-0307 07/07/2014 Book Bank  
    Dewey Decimal Classification     MUST Main Library MUST Main Library 07/07/2014   12/36226   530.1 RIL 2006 2014-0333 07/07/2014 Book Bank  
    Dewey Decimal Classification     MUST Main Library MUST Main Library 07/07/2014   12/36227   530.1 RIL 2006 2014-0334 07/07/2014 Book Bank  
    Dewey Decimal Classification     MUST Main Library MUST Main Library 07/07/2014   12/36228   530.1 RIL 2006 2014-0335 07/07/2014 Book Bank  
    Dewey Decimal Classification     MUST Main Library MUST Main Library 07/07/2014 Purchase 12/36229 1 530.1 RIL 2006 2014-0336 17/03/2023 Open Shelf 04/03/2023
    Dewey Decimal Classification     MUST Main Library MUST Main Library 07/07/2014   12/36230   530.1 RIL 2006 2014-0337 07/07/2014 Book Bank  
    Dewey Decimal Classification     MUST Main Library MUST Main Library 07/07/2014 Purchase 12/36231   530.1 RIL 2006 2014-0338 07/07/2014 Open Shelf  
    Dewey Decimal Classification     MUST Main Library MUST Main Library 15/07/2014   13/37069   530.1 RIL 2006 2014-0763 15/07/2014 Book Bank  
    Dewey Decimal Classification     MUST Main Library MUST Main Library 15/07/2014   13/37070   530.1 RIL 2006 2014-0764 15/07/2014 Book Bank  
    Dewey Decimal Classification     MUST Main Library MUST Main Library 15/07/2014   12/36790   530.1 RIL 2006 2014-0765 15/07/2014 Book Bank  
    Dewey Decimal Classification     MUST Main Library MUST Main Library 30/04/2015   10/33279   530.1 RIL 2006 2015-1276 30/04/2015 Open Shelf